000 01162nam a2200277 a 4500
001 000006707
005 20200929153959.0
008 090902s2007 dr a r 001 0 spa d
020 _a9789945861662
040 _aDO-SdBNP
_bspa
_cBNPHU
082 _a635.22
_bH557v
100 1 _aHernández, Ramón
_912898
245 1 0 _aVariedades de batata cultivadas en la República Dominicana :
_bguía técnica para extensionistas /
_cRamón Hernández, Miguel Sosa.
260 _aSanto Domingo, :
_bIDIAF,
_c2007.
300 _a64 p. :
_bil., retrs. ;
_c23 cm.
490 1 _aRecursos fitogenéticos
_v1
500 _aBibliografía : p. 55-56.
505 0 _gPresentación --
_tIntroducción --
_tImportancia social y económica --
_tDescripción de las variedades --
_tComentarios finales --
_tReferencias --
_gAnexos.
590 _aInventariado, 2018/BT
650 4 _aBatatas
_xVariedades
_918671
650 4 _aHortalizas de raíz
_xCultivo
_918672
700 1 _aSosa, Miguel
_918673
710 2 _aInstituto Dominicano de Investigaciones Agropecuarias y Forestales (IDIAF)
_91546
830 0 _aRecursos fitogenéticos
_n1
_918674
910 _aValidado. Control de calidad. EMS
999 _c6496
_d6496